000 00793nam a2200217 4500
001 116688
003 ES-MaACL
005 20230906190742.0
007 t|
008 061121s1961 sp r ||||1| spa d
100 1 _aOtte, J.
_987943
245 1 0 _aDel electrón al superheterodino
_b: curso sencillo para el reparador de radio /
_cJ. Otte, Ph.F. Salverda, C.J. Willigen ; revisado y puesto al día por Daniel Santano León, J.M. Fernández Arín.
260 _aMadrid :
_bBiblioteca técnica Phillips,
_c1961.
300 _a463 p. ;
_c24 cm.
700 1 _aSalverda, Ph. F.
_9102129
700 1 _aWilligen, C.J.
_9116975
700 1 _aSantano y León, Daniel.
_9181683
700 1 _aFernández Arin, José María.
_949479
852 _aES-MaACL
_jC-20545
_bR.49067
999 _c116688
_d116688